=LDR 00000nam 2200000 4500 =001 INLIS000000000028781 =005 20130612131049 =008 ***********************************Ind** =035 ##$$0010-061300000028781 =041 ##$$a Ind =082 ##$$a 303.4 =090 ##$$a 303.4, Ger g =100 ##$$a Pontoh, Coen Husada =245 ##$$a Gerakan massa menghadang imprealisme global, Coen Husain Pontoh =260 ##$$a 2005 $b Yogyakarta =300 ##$$a 124 hlm, 21 cm =650 ##$$a Gerakan Sosial =850 ##$$a NBPNMAT